[Event "29. Torneo Collado Villalba 2012"]
[Site "Collado Villalba ESP"]
[Date "2012.08.26"]
[Round "3.2"]
[White "Renteria, Jorge"]
[Black "Moreno Ruiz, Javier"]
[Result "0-1"]
[WhiteElo "2307"]
[BlackElo "2498"]
[PlyCount "86"]
[EventDate "2012.08.24"]
[EventType "swiss"]
[EventRounds "9"]
[EventCountry "ESP"]
[Source "lmi"]
[SourceDate "2012.08.24"]

1. e4 c5 2. Nf3 Nc6 3. d4 cxd4 4. Nxd4 e5 5. Nb5 d6 6. N1c3 a6 7. Na3 Be7 8.
Nc4 b5 9. Ne3 Bg5 10. Ncd5 Nge7 11. a4 Rb8 12. axb5 axb5 13. h4 Bh6 14. g3 O-O
15. Bg2 Nxd5 16. Nxd5 Bxc1 17. Rxc1 Be6 18. Ne3 b4 19. O-O Nd4 20. Qd3 Qc7 21.
c3 bxc3 22. bxc3 Rb3 23. cxd4 Qxc1 24. Rxc1 Rxd3 25. d5 Rc8 26. Rxc8+ Bxc8 27.
Nc4 Kf8 28. Nxd6 Rc3 29. Bf1 Ke7 30. Nxc8+ Rxc8 31. Kg2 Kd6 32. Ba6 Rc3 33. Bb7
Kc5 34. f4 f6 35. Kf2 Rd3 36. Ba6 Ra3 37. Bb7 h6 38. fxe5 fxe5 39. h5 Rc3 40.
Kg2 Re3 41. d6 Kxd6 42. Kh3 Kc5 43. Kg4 Kd4 0-1

[Event "29. Torneo Collado Villalba 2012"]
[Site "Collado Villalba ESP"]
[Date "2012.08.26"]
[Round "3.3"]
[White "Arribas Lopez, Angel"]
[Black "Bermejo Arruego, Luis"]
[Result "1-0"]
[WhiteElo "2467"]
[BlackElo "2188"]
[PlyCount "133"]
[EventDate "2012.08.24"]
[EventType "swiss"]
[EventRounds "9"]
[EventCountry "ESP"]
[Source "lmi"]
[SourceDate "2012.08.24"]

1. c4 c5 2. g3 g6 3. Bg2 Bg7 4. Nf3 Nc6 5. O-O e5 6. Nc3 Nge7 7. a3 O-O 8. Rb1
a5 9. d3 d6 10. Ne1 f5 11. Nc2 Bd7 12. Ne3 Rb8 13. Ned5 Nxd5 14. Nxd5 b5 15.
cxb5 Rxb5 16. Bd2 Kh8 17. e3 Ne7 18. a4 Rb8 19. Nxe7 Qxe7 20. Bxa5 Be6 21. Qd2
Bb3 22. Bc6 Rfc8 23. Bb5 Qb7 24. f3 Ra8 25. Ra1 d5 26. Ra3 c4 27. dxc4 dxc4 28.
Bc3 Rd8 29. Qe2 Qb6 30. Kg2 Qc5 31. e4 f4 32. gxf4 exf4 33. e5 Rd5 34. Re1 Rad8
35. Qe4 g5 36. h3 Rd1 37. Ra1 R1d3 38. e6 Qe7 39. Bxg7+ Kxg7 40. Bxc4 Bxc4 41.
Qxc4 R8d4 42. Qb5 Rd5 43. Qb8 Re3 44. Rxe3 fxe3 45. Re1 Rd2+ 46. Kg3 Qxe6 47.
Qa7+ Kg6 48. Qxe3 Qd6+ 49. Qe5 Qxe5+ 50. Rxe5 Rxb2 51. h4 h6 52. Re6+ Kh5 53.
hxg5 hxg5 54. Re8 Rb4 55. Ra8 Rc4 56. a5 Kg6 57. a6 Ra4 58. Kf2 Kg7 59. Ke3 Kh7
60. Ra7+ Kg6 61. Ra8 Kg7 62. Kd3 Kh7 63. Kc2 Ra3 64. Kb2 Rxf3 65. Rb8 Rf2+ 66.
Kb3 Rf6 67. a7 1-0

[Event "29. Torneo Collado Villalba 2012"]
[Site "Collado Villalba ESP"]
[Date "2012.08.26"]
[Round "3.4"]
[White "Sanchez Gonzalez, Sergio"]
[Black "Semprun Martinez, Fernando"]
[Result "1/2-1/2"]
[WhiteElo "2273"]
[BlackElo "2204"]
[PlyCount "87"]
[EventDate "2012.08.24"]
[EventType "swiss"]
[EventRounds "9"]
[EventCountry "ESP"]
[Source "lmi"]
[SourceDate "2012.08.24"]

1. c4 c5 2. Nf3 Nc6 3. d4 cxd4 4. Nxd4 e6 5. Nc3 Bc5 6. e3 Nf6 7. Be2 O-O 8.
O-O d5 9. cxd5 exd5 10. a3 h6 11. Ncb5 Bb6 12. b4 Ne4 13. Bb2 Qg5 14. Nf3 Qg6
15. Kh1 Rd8 16. Nbd4 Re8 17. Rc1 Qd6 18. Nb5 Qd8 19. Nc3 Be6 20. Na4 Bc7 21.
Nc5 Nxc5 22. bxc5 f6 23. Bb5 Qe7 24. Qd3 Red8 25. Ba4 Ne5 26. Bxe5 fxe5 27. e4
dxe4 28. Qxe4 Bd5 29. Qg4 e4 30. Rfe1 Qf6 31. Nd2 Be6 32. Qxe4 Rxd2 33. Qxe6+
Qxe6 34. Rxe6 Rxf2 35. Re7 Raf8 36. g3 Ba5 37. Rxb7 Rf1+ 38. Rxf1 Rxf1+ 39. Kg2
Rc1 40. c6 Bb6 41. Bb3+ Kh7 42. Bd5 Kg6 43. Bf7+ Kf6 44. Be8 1/2-1/2

[Event "29. Torneo Collado Villalba 2012"]
[Site "Collado Villalba ESP"]
[Date "2012.08.26"]
[Round "3.5"]
[White "Ginesta Caballero, Olga Lucia"]
[Black "Roa Alonso, Santiago"]
[Result "0-1"]
[WhiteElo "2093"]
[BlackElo "2426"]
[PlyCount "56"]
[EventDate "2012.08.24"]
[EventType "swiss"]
[EventRounds "9"]
[EventCountry "ESP"]
[Source "lmi"]
[SourceDate "2012.08.24"]

1. e4 c5 2. Nc3 d6 3. f4 Nc6 4. Nf3 g6 5. Bb5 Bd7 6. Bxc6 Bxc6 7. O-O Bg7 8. d3
Nh6 9. Qe1 Qd7 10. Rb1 f5 11. Bd2 Nf7 12. b4 b6 13. b5 Bb7 14. a4 O-O 15. exf5
gxf5 16. Qh4 Bf6 17. Qh5 Kh8 18. Ne2 e6 19. Ng5 Nxg5 20. fxg5 Rg8 21. g4 Be5
22. gxf5 exf5 23. h4 Qe6 24. c4 f4 25. Nxf4 Qf5 26. Rbe1 Rg7 27. Qe2 Rag8 28.
Nd5 Qh3 0-1

[Event "29. Torneo Collado Villalba 2012"]
[Site "Collado Villalba ESP"]
[Date "2012.08.26"]
[Round "3.6"]
[White "Rasskin Friederichs, Ivan"]
[Black "Garcia Vicente, Nieves"]
[Result "0-1"]
[WhiteElo "2027"]
[BlackElo "2190"]
[PlyCount "64"]
[EventDate "2012.08.24"]
[EventType "swiss"]
[EventRounds "9"]
[EventCountry "ESP"]
[Source "lmi"]
[SourceDate "2012.08.24"]

1. e4 c5 2. Nc3 e6 3. g3 d5 4. exd5 exd5 5. d4 Nf6 6. Bg5 Be7 7. Bg2 cxd4 8.
Bxf6 Bxf6 9. Nxd5 O-O 10. Nxf6+ Qxf6 11. Qd2 Re8+ 12. Ne2 Bg4 13. f3 Bf5 14.
O-O Nc6 15. g4 Be6 16. b3 Rad8 17. Rad1 Qe7 18. Nf4 Qa3 19. Nd3 a5 20. h3 Bd5
21. f4 Bxg2 22. Qxg2 Re3 23. Rde1 Rxe1 24. Rxe1 Qxa2 25. Nc5 Qa3 26. Nxb7 Qb4
27. Qe4 Rf8 28. f5 Qxb7 29. f6 Qc7 30. Rf1 Qg3+ 31. Kh1 Qxh3+ 32. Kg1 Qe3+ 0-1

[Event "29. Torneo Collado Villalba 2012"]
[Site "Collado Villalba ESP"]
[Date "2012.08.26"]
[Round "3.7"]
[White "Baeza Escudero, Javier"]
[Black "Pastor Alonso de Prado, Alberto"]
[Result "1-0"]
[WhiteElo "2000"]
[BlackElo "2172"]
[PlyCount "101"]
[EventDate "2012.08.24"]
[EventType "swiss"]
[EventRounds "9"]
[EventCountry "ESP"]
[Source "lmi"]
[SourceDate "2012.08.24"]

1. d4 d5 2. c4 c5 3. dxc5 d4 4. Nf3 Nc6 5. e3 e5 6. exd4 exd4 7. Bd3 Bxc5 8.
O-O Nge7 9. a3 a5 10. Nbd2 O-O 11. Ne4 b6 12. Bg5 f6 13. Bh4 Bg4 14. Bg3 Qd7
15. h3 Bf5 16. Nh4 Be6 17. Qh5 g6 18. Nxc5 bxc5 19. Qxc5 Rfd8 20. b4 Rac8 21.
Qb5 Qa7 22. Rfe1 Bd7 23. c5 Ne5 24. Qa6 Qxa6 25. Bxa6 Ra8 26. Bxe5 fxe5 27. b5
Rxa6 28. bxa6 Nc6 29. Nf3 Re8 30. a7 Nxa7 31. Nxe5 Ba4 32. Nd3 Rc8 33. Rac1 Nb5
34. Re4 Nc3 35. Re5 Bb5 36. Nf4 Kf7 37. Kh2 Kf6 38. Rce1 Bc4 39. g4 Rc7 40. g5+
Kf7 41. Rc1 a4 42. Ng2 Bb3 43. Ne1 Re7 44. Rxe7+ Kxe7 45. Nf3 Ne2 46. Re1 d3
47. Nd4 Bc4 48. Nxe2 dxe2 49. Kg3 Ke6 50. Kf3 Kd5 51. Rxe2 1-0

[Event "29. Torneo Collado Villalba 2012"]
[Site "Collado Villalba ESP"]
[Date "2012.08.26"]
[Round "3.8"]
[White "Martinez De Miguel, Pedro"]
[Black "Montoya Pecurul, Marc"]
[Result "1/2-1/2"]
[WhiteElo "2121"]
[BlackElo "1925"]
[PlyCount "126"]
[EventDate "2012.08.24"]
[EventType "swiss"]
[EventRounds "9"]
[EventCountry "ESP"]
[Source "lmi"]
[SourceDate "2012.08.24"]

1. e4 c5 2. Nf3 d6 3. d4 cxd4 4. Nxd4 Nf6 5. Nc3 g6 6. Be3 Bg7 7. f3 O-O 8. Bc4
Nc6 9. Bb3 Bd7 10. Qd2 Rc8 11. Nxc6 Bxc6 12. Bh6 a5 13. Bxg7 Kxg7 14. a4 Qd7
15. Qd4 Rfd8 16. O-O e5 17. Qb6 Qc7 18. Qxc7 Rxc7 19. Rfd1 Ne8 20. Rd2 f5 21.
Rad1 Kf6 22. Kf2 Ke7 23. Ke3 Nf6 24. h3 h5 25. Rg1 Rh8 26. g3 Rd7 27. Bc4 Rdd8
28. Nd5+ Bxd5 29. Bxd5 Rd7 30. Bc4 Rc7 31. b3 Rc5 32. Rgd1 Rd8 33. Rd3 Rd7 34.
R1d2 Rd8 35. Bd5 Rd7 36. c4 Rdc7 37. Rf2 b6 38. Rd1 Rc8 39. Rdf1 Rf8 40. Rb1
Rcc8 41. Rd2 Nd7 42. b4 axb4 43. Rxb4 Rc5 44. Ra2 Rfc8 45. Rb5 R8c7 46. a5 bxa5
47. Raxa5 Nf6 48. Rxc5 Rxc5 49. Ra7+ Nd7 50. Kd3 Rc8 51. Kc3 Rc5 52. exf5 gxf5
53. h4 Rc8 54. Kb4 Rb8+ 55. Kc3 Rc8 56. Kd3 Rc5 57. Bf7 Kxf7 58. Rxd7+ Ke6 59.
Rh7 f4 60. Rh6+ Ke7 61. gxf4 exf4 62. Kd4 Re5 63. Rh7+ Ke6 1/2-1/2

[Event "29. Torneo Collado Villalba 2012"]
[Site "Collado Villalba ESP"]
[Date "2012.08.26"]
[Round "3.9"]
[White "Martinez Alvira, Santiago"]
[Black "Colas Longares, Rafael P"]
[Result "0-1"]
[WhiteElo "2000"]
[BlackElo "2336"]
[PlyCount "162"]
[EventDate "2012.08.24"]
[EventType "swiss"]
[EventRounds "9"]
[EventCountry "ESP"]
[Source "lmi"]
[SourceDate "2012.08.24"]

1. d4 d5 2. c4 Nc6 3. Nc3 dxc4 4. Nf3 Nf6 5. e4 Bg4 6. d5 Ne5 7. Bf4 Ng6 8. Bg3
e5 9. h3 Bxf3 10. Qxf3 Bd6 11. Bxc4 O-O 12. Rc1 a6 13. O-O h6 14. Ne2 Qe7 15.
Bd3 Bc5 16. Kh1 Rad8 17. Bb1 Rfe8 18. Rc4 Nd7 19. Rfc1 Bd6 20. Qf5 Rc8 21. Qg4
Red8 22. Qf3 Qg5 23. Qe3 Qxe3 24. fxe3 Ne7 25. Bh4 Re8 26. g4 g6 27. Be1 Kg7
28. Ng3 c5 29. dxc6 Nxc6 30. a3 Bb8 31. Kg2 Ba7 32. Kf3 Red8 33. Ba2 Nf6 34.
Ke2 Rd7 35. Bb3 Ng8 36. Rd1 Rxd1 37. Bxd1 Nge7 38. Bb3 Rc7 39. Rc3 Bb6 40. Bd5
Ba5 41. b4 Bb6 42. a4 Rd7 43. Rd3 a5 44. Bxc6 Rxd3 45. Kxd3 Nxc6 46. b5 Nb8 47.
Ne2 Kf6 48. Nc3 Ke6 49. Nd5 Nd7 50. Nxb6 Nxb6 51. Bxa5 Nxa4 52. Bb4 Nb2+ 53.
Kc2 Nc4 54. Kd3 Nd6 55. b6 Nc8 56. Bc5 Kd7 57. Kc4 Kc6 58. h4 Nxb6+ 59. Kb4 h5
60. g5 Nc8 61. Bf8 Nd6 62. Bg7 Nxe4 63. Bxe5 Kd5 64. Bf4 Nd6 65. Kc3 Ne4+ 66.
Kd3 Nd6 67. Bg3 Ne4 68. Be1 Nc5+ 69. Ke2 Ke4 70. Ba5 Ne6 71. Bc3 Nc7 72. Kf2
Nd5 73. Bd2 b5 74. Ke2 b4 75. Bc1 b3 76. Kd2 Nxe3 77. Kc3 Nf5 78. Kxb3 Nxh4 79.
Kc2 Nf3 80. Kd1 Kd3 81. Bf4 h4 0-1

[Event "29. Torneo Collado Villalba 2012"]
[Site "Collado Villalba ESP"]
[Date "2012.08.26"]
[Round "3.10"]
[White "Gonzalez Mateos, Rafael"]
[Black "Saez Gabikagogeaskoa, Oscar"]
[Result "1/2-1/2"]
[WhiteElo "2161"]
[BlackElo "1989"]
[PlyCount "59"]
[EventDate "2012.08.24"]
[EventType "swiss"]
[EventRounds "9"]
[EventCountry "ESP"]
[Source "lmi"]
[SourceDate "2012.08.24"]

1. d4 Nf6 2. c3 c5 3. Nf3 cxd4 4. cxd4 e6 5. Nc3 Bb4 6. Qb3 Nc6 7. Bd2 O-O 8.
e3 a6 9. Bd3 b5 10. a3 Be7 11. e4 b4 12. Ne2 bxa3 13. bxa3 d5 14. e5 Ne4 15.
Qc2 Bb7 16. O-O Rc8 17. Qb1 Qd7 18. Be3 f5 19. exf6 Bxf6 20. Qb6 Bd8 21. Qb2
Bc7 22. Ng3 Nxg3 23. hxg3 Bd6 24. Qe2 e5 25. dxe5 Bxe5 26. Rad1 Bd6 27. Bb1 Ne7
28. Ng5 g6 29. Bd4 Nf5 30. Ba1 1/2-1/2

[Event "29. Torneo Collado Villalba 2012"]
[Site "Collado Villalba ESP"]
[Date "2012.08.26"]
[Round "3.11"]
[White "Garcia Saez, Juan Carlos"]
[Black "Unciti Juan, Javier"]
[Result "0-1"]
[WhiteElo "2004"]
[BlackElo "2143"]
[PlyCount "90"]
[EventDate "2012.08.24"]
[EventType "swiss"]
[EventRounds "9"]
[EventCountry "ESP"]
[Source "lmi"]
[SourceDate "2012.08.24"]

1. e4 e6 2. d4 d5 3. Nc3 Bb4 4. e5 b6 5. Qg4 Bf8 6. Bg5 Qd7 7. Bb5 Nc6 8. a3
Bb7 9. Nge2 h6 10. Bh4 h5 11. Qf4 Be7 12. Bxe7 Qxe7 13. Qg3 O-O-O 14. Qd3 h4
15. f4 Nh6 16. O-O-O g5 17. g3 Na5 18. Rhf1 hxg3 19. hxg3 Ng4 20. f5 Nc4 21. f6
Qf8 22. Rde1 Rh2 23. Nd1 c5 24. Qf3 Nh6 25. g4 cxd4 26. Nxd4 Qc5 27. Rh1 Rxh1
28. Qxh1 Qxd4 29. Bxc4 dxc4 30. Qg1 Nxg4 31. Nc3 Qf4+ 32. Kb1 Nxe5 33. Nb5 Kb8
34. Rd1 Rxd1+ 35. Qxd1 Bd5 36. Qe1 Nc6 37. Nc3 Qe5 38. Qf2 g4 39. Qh4 g3 40.
Qh8+ Kb7 41. Qe8 g2 42. Qxf7+ Ka6 43. Qg8 Qe1+ 44. Ka2 g1=Q 45. Qc8+ Ka5 0-1

[Event "29. Torneo Collado Villalba 2012"]
[Site "Collado Villalba ESP"]
[Date "2012.08.26"]
[Round "3.12"]
[White "Gordillo, Manuel"]
[Black "Pascual Palomo, Lucia"]
[Result "0-1"]
[WhiteElo "1975"]
[BlackElo "2120"]
[PlyCount "90"]
[EventDate "2012.08.24"]
[EventType "swiss"]
[EventRounds "9"]
[EventCountry "ESP"]
[Source "lmi"]
[SourceDate "2012.08.24"]

1. d4 e6 2. Nf3 Nf6 3. Bg5 c5 4. c3 h6 5. Bxf6 Qxf6 6. e3 b6 7. Nbd2 Nc6 8. Bd3
Bb7 9. Ne4 Qd8 10. g4 cxd4 11. exd4 Qc7 12. Qe2 Qf4 13. Nfd2 O-O-O 14. f3 Be7
15. O-O-O Bh4 16. Kb1 Kb8 17. Nf2 d5 18. Nh3 Qc7 19. f4 Be7 20. Nf3 f6 21. Rhg1
Bd6 22. Qd2 e5 23. fxe5 fxe5 24. dxe5 Nxe5 25. Nd4 Nxd3 26. Ne6 Qd7 27. Nxd8
Ba6 28. Qc2 Ne5 29. Nf4 Rxd8 30. Nxd5 Qc8 31. h3 Qc5 32. Nb4 Bb7 33. Rge1 Rf8
34. Nd3 Nxd3 35. Qxd3 Bc7 36. Qd4 Qxd4 37. Rxd4 Bc6 38. Re7 Bd8 39. Re6 Bg2 40.
Rd3 Bg5 41. b3 Bf1 42. Rd7 Bxh3 43. Rxg7 Bxg4 44. Rc6 Rf1+ 45. Kb2 Bc1+ 0-1

[Event "29. Torneo Collado Villalba 2012"]
[Site "Collado Villalba ESP"]
[Date "2012.08.26"]
[Round "3.13"]
[White "Estrada Martinez, Cesar"]
[Black "Hernandez Yañez, Javier"]
[Result "1-0"]
[WhiteElo "2111"]
[BlackElo "1952"]
[PlyCount "48"]
[EventDate "2012.08.24"]
[EventType "swiss"]
[EventRounds "9"]
[EventCountry "ESP"]
[Source "lmi"]
[SourceDate "2012.08.24"]

1. Nf3 Nf6 2. d4 g6 3. Bf4 Bg7 4. Nbd2 O-O 5. e4 d6 6. Bd3 Nbd7 7. O-O Re8 8.
c3 e5 9. Bg3 c5 10. dxe5 Nxe5 11. Be2 Nh5 12. Bh4 Nxf3+ 13. Nxf3 Qb6 14. Qc2
Nf4 15. Bc4 Be6 16. Bxe6 Nxe6 17. Rad1 f6 18. Bg3 Rad8 19. Rfe1 Bh6 20. Nd2 Bf4
21. Nc4 Qc6 22. Ne3 Bxg3 23. hxg3 b5 24. Ng4 Kg7 1-0

[Event "29. Torneo Collado Villalba 2012"]
[Site "Collado Villalba ESP"]
[Date "2012.08.26"]
[Round "3.14"]
[White "Lopez Heras, Arturo"]
[Black "Draghici Flutur, Gavril"]
[Result "1-0"]
[WhiteElo "1971"]
[BlackElo "2099"]
[PlyCount "71"]
[EventDate "2012.08.24"]
[EventType "swiss"]
[EventRounds "9"]
[EventCountry "ESP"]
[Source "lmi"]
[SourceDate "2012.08.24"]

1. d4 Nf6 2. Bf4 c5 3. e3 b6 4. Nf3 Bb7 5. Bd3 d6 6. Nbd2 Nbd7 7. O-O Nh5 8.
Bg5 h6 9. Bh4 g5 10. Ne1 Nhf6 11. Bg3 Qc7 12. c3 h5 13. f3 Bh6 14. e4 h4 15.
Bf2 Nh5 16. b4 Nf4 17. bxc5 Nxd3 18. Nxd3 Ba6 19. c4 dxc5 20. dxc5 g4 21. f4 g3
22. Be3 bxc5 23. Qa4 Bb7 24. Nxc5 Bc6 25. Qa3 gxh2+ 26. Kxh2 Qd6 27. Qc3 Rg8
28. Nxd7 Qg6 29. Rf2 Qg3+ 30. Kg1 Bxd7 31. Nf1 Qg4 32. Rd1 Bg7 33. Qd2 O-O-O
34. Qd5 Kc7 35. Qa5+ Kc8 36. Qa6+ 1-0

[Event "29. Torneo Collado Villalba 2012"]
[Site "Collado Villalba ESP"]
[Date "2012.08.26"]
[Round "3.15"]
[White "Martin Martin, Luis Vicente"]
[Black "Velasco Garcia, Jorge Juan"]
[Result "1-0"]
[WhiteElo "2069"]
[BlackElo "1920"]
[PlyCount "71"]
[EventDate "2012.08.24"]
[EventType "swiss"]
[EventRounds "9"]
[EventCountry "ESP"]
[Source "lmi"]
[SourceDate "2012.08.24"]

1. d4 Nf6 2. Bf4 c5 3. e3 b6 4. Nf3 Bb7 5. Bd3 d6 6. Nbd2 Nbd7 7. O-O Nh5 8.
Bg5 h6 9. Bh4 g5 10. Ne1 Nhf6 11. Bg3 Qc7 12. c3 h5 13. f3 Bh6 14. e4 h4 15.
Bf2 Nh5 16. b4 Nf4 17. bxc5 Nxd3 18. Nxd3 Ba6 19. c4 dxc5 20. dxc5 g4 21. f4 g3
22. Be3 bxc5 23. Qa4 Bb7 24. Nxc5 Bc6 25. Qa3 gxh2+ 26. Kxh2 Qd6 27. Qc3 Rg8
28. Nxd7 Qg6 29. Rf2 Qg3+ 30. Kg1 Bxd7 31. Nf1 Bg7 32. Qd2 Qg4 33. Rd1 O-O-O
34. Qd5 Kc7 35. Qa5+ Kc8 36. Qa6+ 1-0

[Event "29. Torneo Collado Villalba 2012"]
[Site "Collado Villalba ESP"]
[Date "2012.08.26"]
[Round "3.16"]
[White "Lorite Cruz, Francisco"]
[Black "Martin Carmona, Gaston Manuel"]
[Result "0-1"]
[WhiteElo "2039"]
[BlackElo "1779"]
[PlyCount "98"]
[EventDate "2012.08.24"]
[EventType "swiss"]
[EventRounds "9"]
[EventCountry "ESP"]
[Source "lmi"]
[SourceDate "2012.08.24"]

1. b3 e5 2. Bb2 Nc6 3. e3 Bd6 4. g3 Nf6 5. Bg2 O-O 6. d3 Ne7 7. Nd2 Ng6 8. h4
Re8 9. g4 Kh8 10. g5 Ng8 11. Ne2 f5 12. gxf6 Nxf6 13. Ng3 c6 14. h5 Nf8 15. h6
g6 16. d4 exd4 17. Qf3 Ne6 18. O-O-O Bc7 19. Nde4 Nxe4 20. Nxe4 d5 21. Ng3 Kg8
22. exd4 Rf8 23. Qe2 Nf4 24. Qf1 Bg4 25. Ba3 Rf7 26. Rd3 Nxd3+ 27. Qxd3 Rxf2
28. Rg1 Qg5+ 29. Kb1 Rd2 30. Qc3 Rf2 31. Nh1 Qd2 32. Bxd5+ cxd5 33. Qxc7 Rf7
34. Qe5 Rc8 35. Rc1 Qxh6 36. Qxd5 Bf3 37. Qe6 Ra8 38. Ng3 Qf4 39. Nf1 Bc6 40.
Qc4 a6 41. Re1 Bb5 42. Qd5 Bxf1 43. Re7 Qf5 44. Re5 Qd7 45. Qe4 Bh3 46. d5 Bf5
47. Qd4 Rc8 48. Re2 Bg4 49. Bb2 Rf1+ 0-1

[Event "29. Torneo Collado Villalba 2012"]
[Site "Collado Villalba ESP"]
[Date "2012.08.26"]
[Round "3.17"]
[White "Lopez Mulet, Iñigo"]
[Black "Perez De Villar Muñoz , Eusebio"]
[Result "1-0"]
[WhiteElo "1960"]
[BlackElo "2023"]
[PlyCount "43"]
[EventDate "2012.08.24"]
[EventType "swiss"]
[EventRounds "9"]
[EventCountry "ESP"]
[Source "lmi"]
[SourceDate "2012.08.24"]

1. d4 Nf6 2. c4 e5 3. dxe5 Ne4 4. Nf3 Nc6 5. Nbd2 Nc5 6. Nb3 Ne6 7. e3 d6 8.
exd6 Bxd6 9. Bd2 Qe7 10. Be2 Bd7 11. a3 O-O-O 12. Bc3 Rhg8 13. Qc2 f5 14. O-O-O
Ng5 15. c5 Be5 16. Nxe5 Nxe5 17. f4 Ng4 18. Bxg4 fxg4 19. fxg5 Qxg5 20. Bd4 Qf5
21. Qc4 Rge8 22. c6 1-0

[Event "29. Torneo Collado Villalba 2012"]
[Site "Collado Villalba ESP"]
[Date "2012.08.26"]
[Round "3.18"]
[White "Serrano Martinez, Francisco Jose"]
[Black "Erice Alonso, Santiago"]
[Result "1/2-1/2"]
[WhiteElo "1958"]
[BlackElo "2011"]
[PlyCount "35"]
[EventDate "2012.08.24"]
[EventType "swiss"]
[EventRounds "9"]
[EventCountry "ESP"]
[Source "lmi"]
[SourceDate "2012.08.24"]

1. e4 c5 2. d4 cxd4 3. c3 d3 4. Bxd3 g6 5. c4 Bg7 6. Nc3 Nc6 7. Nf3 d6 8. h3
Nf6 9. Be3 O-O 10. Rc1 b6 11. O-O Bb7 12. Qd2 Nd7 13. Bh6 Nc5 14. Bb1 Rc8 15.
Bxg7 Kxg7 16. b3 Ne5 17. Nd4 Nc6 18. Nf3 1/2-1/2

[Event "29. Torneo Collado Villalba 2012"]
[Site "Collado Villalba ESP"]
[Date "2012.08.26"]
[Round "3.19"]
[White "Rodriguez De Robles, Ignacio"]
[Black "Lopez Ziegler, Carlos"]
[Result "0-1"]
[WhiteElo "1931"]
[BlackElo "1918"]
[PlyCount "74"]
[EventDate "2012.08.24"]
[EventType "swiss"]
[EventRounds "9"]
[EventCountry "ESP"]
[Source "lmi"]
[SourceDate "2012.08.24"]

1. e4 Nf6 2. e5 Nd5 3. d4 d6 4. Nf3 g6 5. exd6 cxd6 6. c4 Nb6 7. Bd3 Bg7 8. Nc3
Nc6 9. Be3 Bg4 10. Be2 Bxf3 11. gxf3 O-O 12. Rc1 e5 13. d5 Ne7 14. Ne4 Nf5 15.
Bd2 Nd7 16. b4 b6 17. h4 h6 18. Kf1 Rc8 19. h5 g5 20. Bd3 Qe7 21. Nxg5 hxg5 22.
Bxf5 Bh6 23. Qe2 Rc7 24. Rg1 Kh8 25. Rg4 Rg8 26. Bb1 Rf8 27. f4 gxf4 28. Bxf4
Bxf4 29. Rxf4 Qg5 30. Qc2 f5 31. Rxf5 Rxf5 32. Qxf5 Qxc1+ 33. Kg2 Qh6 34. Qg4
Nf6 35. Qe6 Rg7+ 36. Bg6 Qxh5 37. Qc8+ Ng8 0-1

[Event "29. Torneo Collado Villalba 2012"]
[Site "Collado Villalba ESP"]
[Date "2012.08.26"]
[Round "3.20"]
[White "Torres Grajales, Ramon"]
[Black "Herrero Corada, Jose Ignacio"]
[Result "0-1"]
[WhiteElo "2017"]
[BlackElo "1850"]
[PlyCount "38"]
[EventDate "2012.08.24"]
[EventType "swiss"]
[EventRounds "9"]
[EventCountry "ESP"]
[Source "lmi"]
[SourceDate "2012.08.24"]

1. e4 c6 2. c4 d5 3. cxd5 cxd5 4. exd5 Nf6 5. Nc3 Nxd5 6. Nf3 e6 7. d4 Bb4 8.
Bd2 O-O 9. Bd3 Nc6 10. Bxh7+ Kxh7 11. Ng5+ Kg8 12. Nxd5 Bxd2+ 13. Qxd2 Qxd5 14.
Nf3 Qa5 15. O-O-O Qxd2+ 16. Rxd2 b6 17. d5 exd5 18. Rxd5 Be6 19. Rd6 Rac8 0-1

[Event "29. Torneo Collado Villalba 2012"]
[Site "Collado Villalba ESP"]
[Date "2012.08.26"]
[Round "3.21"]
[White "Torres Samper, Rafael"]
[Black "Gonzalez Mateo, Jose Luis"]
[Result "1-0"]
[WhiteElo "2000"]
[BlackElo "1781"]
[PlyCount "83"]
[EventDate "2012.08.24"]
[EventType "swiss"]
[EventRounds "9"]
[EventCountry "ESP"]
[Source "lmi"]
[SourceDate "2012.08.24"]

1. e4 g6 2. d4 Bg7 3. Nc3 c5 4. Nf3 cxd4 5. Nxd4 Nc6 6. Be3 Nf6 7. Bc4 d6 8. f3
Qb6 9. Qd3 Nb4 10. Qd2 Nxe4 11. fxe4 Bxd4 12. Bh6 Qc5 13. Bb3 Bxc3 14. bxc3 Qe5
15. O-O Nc6 16. Bxf7+ Kd8 17. Bf4 Qc5+ 18. Kh1 Ne5 19. Be3 Nc4 20. Qd4 Nxe3 21.
Qxh8+ Kc7 22. Rfc1 Bh3 23. Qd4 Bxg2+ 24. Kg1 Qg5 25. Kf2 Rf8 26. Qxe3 Rxf7+ 27.
Ke2 Bf3+ 28. Kd3 Qh5 29. Rf1 g5 30. Rf2 Rf4 31. e5 Qf7 32. exd6+ exd6 33. Kd2
Qd5+ 34. Kc1 Rf5 35. Qd3 Qc5 36. Rb1 g4 37. Qd4 Qa3+ 38. Rb2 Rb5 39. Qc4+ Bc6
40. Rf7+ Kb6 41. Qd4+ Ka5 42. Qxa7# 1-0

[Event "29. Torneo Collado Villalba 2012"]
[Site "Collado Villalba ESP"]
[Date "2012.08.26"]
[Round "3.22"]
[White "Anula Nieto, Carlos"]
[Black "Perez Ortego, Alberto"]
[Result "1-0"]
[WhiteElo "1900"]
[BlackElo "1576"]
[PlyCount "103"]
[EventDate "2012.08.24"]
[EventType "swiss"]
[EventRounds "9"]
[EventCountry "ESP"]
[Source "lmi"]
[SourceDate "2012.08.24"]

1. d4 e5 2. dxe5 Qe7 3. Nf3 Nc6 4. g3 Nxe5 5. Bg2 Nxf3+ 6. Bxf3 Qd6 7. O-O Qxd1
8. Rxd1 c6 9. c4 Be7 10. Nc3 Nf6 11. e4 d6 12. Bf4 O-O 13. Bxd6 Re8 14. Bxe7
Rxe7 15. Rd8+ Ne8 16. Bg4 Bxg4 17. Rxa8 a6 18. Kg2 f6 19. f3 Bh5 20. Rd1 h6 21.
Rad8 Kh7 22. R1d7 Rxd7 23. Rxd7 b5 24. cxb5 cxb5 25. Ne2 Kg8 26. Ra7 Bf7 27.
Rxa6 Bc4 28. Nd4 Kf7 29. b3 Bd3 30. Kf2 g5 31. Ke3 Bf1 32. Nf5 Kg6 33. Ra7 b4
34. Rb7 Ba6 35. Re7 Bb5 36. Kd4 Be2 37. Rxe8 Bxf3 38. Re7 Bg4 39. Rb7 Bxf5 40.
exf5+ Kxf5 41. Rxb4 Kg4 42. Ke3+ Kh3 43. g4 Kxh2 44. Kf3 Kh3 45. Rb6 h5 46.
gxh5 g4+ 47. Kf2 Kh2 48. Rxf6 g3+ 49. Kf3 g2 50. Rg6 g1=Q 51. Rxg1 Kxg1 52. h6
1-0

[Event "29. Torneo Collado Villalba 2012"]
[Site "Collado Villalba ESP"]
[Date "2012.08.26"]
[Round "3.23"]
[White "Gutierrez Mordini, Pablo"]
[Black "Martin-Consuegra Barrilero, Francisco Javier"]
[Result "1-0"]
[WhiteElo "1690"]
[BlackElo "1895"]
[PlyCount "73"]
[EventDate "2012.08.24"]
[EventType "swiss"]
[EventRounds "9"]
[EventCountry "ESP"]
[Source "lmi"]
[SourceDate "2012.08.24"]

1. d4 d6 2. c4 e5 3. dxe5 dxe5 4. Qxd8+ Kxd8 5. Nf3 f6 6. a3 Be6 7. e4 a5 8.
Nc3 c6 9. Na4 Kc7 10. Be3 Nd7 11. c5 g5 12. Nd2 h5 13. Bc4 Bxc4 14. Nxc4 Nh6
15. f3 Nf7 16. O-O-O Ra6 17. Ncb6 Nb8 18. Rd2 Be7 19. Rhd1 Rd8 20. Nc3 Rxd2 21.
Rxd2 Nd8 22. Kb1 Ne6 23. b4 axb4 24. axb4 Ra3 25. Kb2 Ra7 26. Ne2 Ra6 27. Ng3
Ng7 28. Nf5 Nxf5 29. exf5 Bf8 30. g3 Ra7 31. f4 Be7 32. fxg5 fxg5 33. h4 gxh4
34. gxh4 Bxh4 35. Bh6 Na6 36. Rd7+ Kb8 37. Bf8 1-0